000 00574nam a2200169 4500
999 _c4690
_d4690
008 160919b xxu||||| |||| 00| 0 eng d
022 _a2094-8042
082 _aDPer 370.105 M72 Jan-Dec 2012 v. 60-61
100 _914942
_aApaga, Renie N.
243 _aThe modern teacher
245 _aABCs on how to encourage your children to live a drug-free life/
_cRenie N. Apaga.
260 _aPhilippines:
_bIn the Grade School, Inc.,
_c©2012.
300 _av61 n6, page 228;
_c28 cm.
500 _aThe Modern Teacher.
650 0 _914944
_aDrug education
942 _2ddc
_cPER